000 00503nam a22001937a 4500
999 _c3018
_d3018
003 OSt
005 20231218143336.0
008 230922b ||||| |||| 00| 0 eng d
020 _a9789672190158
040 _cKH8
082 _a400 OTH
100 _aSyahril Othman,
_eauthor.
245 _aMalay IGCSE workbook A volume 2 /
_cSyahril Othman.
250 _aSecond edition
260 _aMalaysia.
650 _aMalay language
_vGrammar
650 _aMalay language
_vForeign language
942 _2ddc
_cTR